| 000 | 00364nam a2200133Ia 4500 | ||
|---|---|---|---|
| 008 | 240624s9999 xx 000 0 und d | ||
| 041 | _aeng | ||
| 082 | _a330 GAL | ||
| 100 | _aGALBRAITH JOHN KENNETH | ||
| 245 | _aECONOMICS IN PERSPECTIVE A CRITICAL HIST | ||
| 260 |
_c2017 _aNew Jersey _bPrinceton University Press |
||
| 300 | _axix,361P. ;23cm. | ||
| 365 |
_c _b33 |
||
| 999 |
_c32611 _d32611 |
||